000 01264nam a2200289 4500
001 0000022175
003 CO-CtgCURN
005 20250515220713.0
007 ta
008 160627s2000 000 0 eng d
020 _a958350324X
040 _aCO-CtgCURN
_bspa
_ccoctgcurn
082 0 _a347.05
_bJ17t
100 1 _aJaramillo Castañeda, Armando.
245 1 0 _aTeoria y practica de los procesos ejecutivos /
_cArmando Jaramillo Castañeda.
250 _a2a. ed. aumentada y corregida.
260 _aBogotá :
_bTemis,
_c2000.
300 _axiv, 900 p.
336 _2rdacontent
337 _2rdamedia
_asin mediacion
_bn
338 _2rdacarrier
_avolumen
_bnc
505 8 _aProceso ejecutivo singular por pago de sumas de dinero.--Pago de la obligacion dentro del termino señalado en el mandamiento ejecutivo.--Solicitud de exoneracion de costas por el ejecutado.--Excepciones en el proceso ejecutivo.--Demanda ejecutiva mixta.--Ejecucion con garantia hipotecaria o prendaria.--Tacha de falsedad.--Medidas ejecutivas embargo.--Avaluo de bienes embargados.--Remate
650 1 4 _aProceso ejecutivo
_zColombia.
908 _a160627
942 _cBK
_h347.05
_iJ17t
_2ddc
_n0
999 _c20443
_d20443